| 000 | 00575cam a22001937a 4500 | ||
|---|---|---|---|
| 008 | 180718b1981 xxu||||| |||| 00| 0 eng d | ||
| 020 | _a0 11 751548 5 | ||
| 082 | _aXAx42 Un3f | ||
| 100 | _aLittlewoo, Judith | ||
| 245 |
_aFamilies in flats _cby Judith Littlewood And Anthea Tinker |
||
| 260 |
_aLondon _bHer Majesty's _c1981 |
||
| 300 | _a56p | ||
| 500 | _aDepartment of the Environmental | ||
| 650 | _aChildren --England. | ||
| 650 | _aHousing authorities --England | ||
| 650 | _aApartment houses --England | ||
| 650 | _aFamily --England | ||
| 700 | _aTinker, Anthea | ||
| 999 |
_c414188 _d414188 |
||